| 000 | 00535nam a2200169Ia 4500 | ||
|---|---|---|---|
| 008 | 220104s9999 xx 000 0 und d | ||
| 100 | _aMenachery Maggie | ||
| 245 | 0 | _aStudies on the utilisation of rubber (Hevea brasiliensis) seed cake as an ingredient in concentrate ration for dairy cows | |
| 520 | _a(Only reference available) | ||
| 650 | _aDairy cows | ||
| 650 | _aFeed ingredient | ||
| 650 | _aHevea brasiliensis | ||
| 650 | _aRubber seed cake | ||
| 650 | _aUtilisation | ||
| 700 | _aAnanthasubramaniam C R | ||
| 942 | _cBE | ||
| 999 |
_c47504 _d47504 |
||